| 000 | 00624nam a2200205 4500 | ||
|---|---|---|---|
| 001 | 113705 | ||
| 003 | ES-MaACL | ||
| 007 | t| | ||
| 008 | 061121s1984 sp r ||||1| spa d | ||
| 020 | _a94-505-0408-2 | ||
| 100 | 1 |
_aPacheco, Antonio. _988115 |
|
| 245 | 1 | 0 |
_aTú para tristes momentos tristes / _cAntonio Pacheco. |
| 250 | _a[1ª ed.]. | ||
| 260 |
_a[s.l.] : _bEditora Regional de Extremadura, _c1984 ( _fSalamanca : Gráf. Ortega) |
||
| 300 |
_a65 p. ; _c21 cm. |
||
| 490 | 1 |
_aColección poesía ; _v2 |
|
| 830 | 0 |
_aColección poesía ; _v2 _9178068 |
|
| 852 |
_aES-MaACL _jL-8228 _bR.108737 |
||
| 999 |
_c113705 _d113705 |
||